Sozialismus in Europa - Bilanz und Perspektiven Festschrift für Willy Brandt

Salvato in:
Dettagli Bibliografici
Altri autori: Grebin, Helga, Brandt, Peter
Natura: Libro
Lingua:tedesco
Pubblicazione: Essen Klartext 1989
Edizione:1. Aufl.
Soggetti:
Tags: Aggiungi Tag
Nessun Tag, puoi essere il primo ad aggiungerne!!

MARC

LEADER 00000nam a2200000 4500
001 c000597
005 20221215125442.7
020 |a 3-88474-138-1 
041 0 |a ger 
044 |a DE 
245 1 0 |a Sozialismus in Europa - Bilanz und Perspektiven  |b Festschrift für Willy Brandt  |c Edit. Helga Grebin, Peter Brandt 
250 |a 1. Aufl. 
264 1 |a Essen  |b Klartext  |c 1989 
300 |a 301 s. 
610 2 0 |a socializmus 
610 2 0 |a socializmus demokratický 
610 2 0 |a hnutie robotnícke 
610 2 0 |a odbory 
610 2 0 |a marxizmus 
610 2 0 |a politika zahraničná 
610 2 0 |a demokracia sociálna 
610 2 0 |a východná Európa 
610 2 0 |a západná Európa 
700 1 |a Grebin, Helga 
700 1 |a Brandt, Peter